La evolución del pensamiento ordinal en los escolares de 3 a 6 años /

En este artículo veremos que el origen del conteo en el niño está supeditado a relaciones lógicas-ordinales que se desarrollan en el proceso de construcción mental del número natural. Estas relaciones están implícitas en todas las construcciones matemáticas de la aritmética. Muchas de estas relacion...

Descripción completa

Detalles Bibliográficos
Autor principal: Fernández, Catalina
Otros Autores: Ortiz, Alfonso
Formato: Analitica de revista
Lenguaje:español
Publicado: España Edisa

MARC

LEADER 00000cab a2200000 a 4500
001 034613
003 UAHC_CL
005 20170803123753.0
008 080404b sp 000 spa
040 |a UAHC_CL  |c UAHC_CL  |d UAHC_CL 
100 1 |a Fernández, Catalina 
245 1 3 |a La evolución del pensamiento ordinal en los escolares de 3 a 6 años /  |c Catalina Fernández, Alfonso Ortiz. 
260 |a España  |b Edisa 
300 |a pp. 107-130 
500 |a Infancia y aprendizaje. (España) 2008, vol. 31 (1) pp. 107-130 
500 |a Infancia y aprendizaje. (España) 2008, vol. 31 (1) pp. 107-130 
520 |a En este artículo veremos que el origen del conteo en el niño está supeditado a relaciones lógicas-ordinales que se desarrollan en el proceso de construcción mental del número natural. Estas relaciones están implícitas en todas las construcciones matemáticas de la aritmética. Muchas de estas relaciones se han considerado en las investigaciones en psicología infantil sin la trascendencia que debieran, ya que, en las mismas, el aspecto cardinal del número natural se ha considerado como soporte del aspecto ordinal. 
520 |a En este artículo veremos que el origen del conteo en el niño está supeditado a relaciones lógicas-ordinales que se desarrollan en el proceso de construcción mental del número natural. Estas relaciones están implícitas en todas las construcciones matemáticas de la aritmética. Muchas de estas relaciones se han considerado en las investigaciones en psicología infantil sin la trascendencia que debieran, ya que, en las mismas, el aspecto cardinal del número natural se ha considerado como soporte del aspecto ordinal. 
520 |a En este artÌculo veremos que el origen del conteo en el niÒo est· supeditado a relaciones lÛgicas-ordinales que se desarrollan en el proceso de construcciÛn mental del número natural. Estas relaciones est·n implÌcitas en todas las construcciones matem·ticas de la aritmÈtica. Muchas de estas relaciones se han considerado en las investigaciones en psicologÌa infantil sin la trascendencia que debieran, ya que, en las mismas, el aspecto cardinal del número natural se ha considerado como soporte del aspecto ordinal. 
700 1 |a Ortiz, Alfonso 
759 |a PP080 
773 0 |t Infancia y aprendizaje : journal of study of education and development.  |w 034546 
900 |a INFANC. APRENDIZAJE-01/08 
942 |c REVA 
952 |0 0  |1 0  |2 ddc  |4 0  |6 INFANC___APRENDIZAJE01_08_000000000000000  |7 0  |8 COMP  |9 65958  |a BC  |b BC  |c General  |d 2017-08-03  |l 0  |o INFANC. APRENDIZAJE-01/08  |r 2018-01-23 00:00:00  |t 1  |w 2017-08-03  |y REVA 
999 |c 34613  |d 34613